|
|
|
|
| LEADER |
00000nam2a2200000 4500 |
| 001 |
114219 |
| 005 |
20231031122159.0 |
| 035 |
|
|
|a (RuTPU)RU\TPU\book\123521
|
| 035 |
|
|
|a RU\TPU\book\123342
|
| 090 |
|
|
|a 114219
|
| 100 |
|
|
|a 20070420d1984 m y0rusy5003 ca
|
| 101 |
0 |
|
|a rus
|
| 102 |
|
|
|a RU
|
| 105 |
|
|
|a a z 001ay
|
| 200 |
0 |
|
|a Том 1: Сатирическая проза
|
| 210 |
|
|
|d 1984
|
| 215 |
|
|
|d 20 см
|e (цв. ил.)
|a 463 с.
|
| 320 |
|
|
|a Комментарии: с. 431-458
|
| 461 |
|
1 |
|0 (RuTPU)RU\TPU\book\123341
|t Сочинения
|o В 2-х т.
|f И. А. Крылов
|g [сост., подгот. текста и коммент. С. А. Фомичева]
|v Том 1: Сатирическая проза
|d 1984
|
| 610 |
1 |
|
|a русская литература
|
| 610 |
1 |
|
|a сатира
|
| 610 |
1 |
|
|a проза
|
| 675 |
|
|
|a Р1
|z rus
|v 3
|
| 801 |
|
0 |
|a RU
|b RuMRKP
|c 19950704
|g psbo
|
| 801 |
|
1 |
|a RU
|b 63413507
|c 20070419
|g PSBO
|
| 801 |
|
2 |
|a RU
|b 63413507
|c 20190128
|g PSBO
|
| 942 |
|
|
|c BK
|